00681nam a22002057a 450000500170000001000130001702000260003003500130005603700240006903700190009308200110011210000200012324500850014326000380022827000640026630000360033049000490036650000330041570000270044820111220104914.0 aB-444612 c100.00a9788179914953 aB-444612 bPopular Parakashan  bBlue Berry/Ven a363.73 aKamath, Anjali  aChoking planet :bour pollution crisis /cby Anjali Kamath; edited by Anand Mani bPopular Prakashancc2009aMumbai  a301, Mahalaxmi, 22, Bhulabhai Desai Road, bMumbai e400026 a48p.:bcol. photos c28cm(pbk)  aBrainworks a kangaroo kids initiative series aIncludes glossary and index  aBhattacharya, Sreshtha